| 000 | 01826nam a2200349 a 4500 | ||
|---|---|---|---|
| 001 | ebr10630578 | ||
| 003 | CaPaEBR | ||
| 006 | m u | ||
| 007 | cr cn||||||||| | ||
| 008 | 110628s2012 enkacf sb 001 0 eng d | ||
| 010 | _z 2011027301 | ||
| 020 | _z9781444332131 (hardcover : alk. paper) | ||
| 020 | _z1444332139 (hardcover : alk. paper) | ||
| 020 | _z9781444398489 (e-book) | ||
| 040 |
_aCaPaEBR _cCaPaEBR |
||
| 035 | _a(OCoLC)778376496 | ||
| 050 | 1 | 4 |
_aRG483.E53 _bE556 2012eb |
| 082 | 0 | 4 |
_a618.1/42 _223 |
| 245 | 0 | 0 |
_aEndometriosis _h[electronic resource] : _bscience and practice / _cedited by Linda C. Giudice, Johannes L.H. Evers, David L. Healy. |
| 260 |
_aChichester, U.K. ; _aMalden, Mass. : _bWiley-Blackwell, _c2012. |
||
| 300 |
_axviii, 581 p., [24] leaves of plates : _bill. (some col.), ports. |
||
| 504 | _aIncludes bibliographical references and index. | ||
| 505 | 0 | _apt. 1. History, epidemiology, and economics -- pt. 2. Pathogenesis -- pt. 3. Disease characterization -- pt. 4. Biological basis and pathophysiology of endometriosis -- pt. 5. Models of endometriosis -- pt. 6. Diagnosis of endometriosis -- pt. 7. Medical therapies for pain -- pt. 8. Surgical therapies for pain -- pt. 9. Infertility and endometriosis -- pt. 10. Associated disorders. | |
| 533 |
_aElectronic reproduction. _bPalo Alto, Calif. : _cebrary, _d2011. _nAvailable via World Wide Web. _nAccess may be limited to ebrary affiliated libraries. |
||
| 650 | 0 | _aEndometriosis. | |
| 655 | 7 |
_aElectronic books. _2local |
|
| 700 | 1 | _aGiudice, Linda. | |
| 700 | 1 |
_aEvers, Johannes Leonardus Henricus, _d1949- |
|
| 700 | 1 |
_aHealy, D. L. _q(David Lindsay) |
|
| 710 | 2 | _aebrary, Inc. | |
| 856 | 4 | 0 |
_uhttp://site.ebrary.com/lib/rucke/Doc?id=10630578 _zAn electronic book accessible through the World Wide Web; click to view |
| 999 |
_c71516 _d71516 |
||